| 000 | 00455nam a22001577a 4500 | ||
|---|---|---|---|
| 020 | _a0 7506 5718 9 | ||
| 082 |
_a711.4261 _bMOU |
||
| 100 |
_aMoughtin Cliff _932082 |
||
| 245 |
_aUrban design method and technique/ _cMoughtin Cliff |
||
| 250 | _a2nd volume | ||
| 260 |
_aLondon, _bChristine sarris and paola signoretta _c2003. |
||
| 300 |
_a207p.: _bill,; _c25 cm. |
||
| 526 |
_a0 _b0 _c0 _d711_426100000000000_MOU |
||
| 650 |
_aMCE _9379 |
||
| 942 |
_2ddc _cBK |
||
| 999 |
_c549138 _d549138 |
||